[Event "Colmenarejo Spring op"]
[Site "Colmenarejo"]
[Date "2019.05.19"]
[Round "3.5"]
[White "Lopez Perolio, Jorge"]
[Black "Rijpkema, Rimme"]
[Result "1-0"]
[WhiteElo "1937"]
[BlackElo "1508"]
[PlyCount "107"]
[EventDate "2019.05.05"]
[EventType "swiss"]
[EventRounds "7"]
[EventCountry "ESP"]
[SourceTitle "EXT 2024"]
[Source "ChessBase"]
[SourceDate "2023.10.10"]
[SourceVersion "1"]
[SourceVersionDate "2023.10.10"]
[SourceQuality "1"]

1. d4 g6 2. c4 Bg7 3. e4 d6 4. Nc3 Nf6 5. f3 0-0 6. Be3 Nc6 7. Bd3 Bd7 8. Nge2 e6 9. 0-0 Rc8 10. a3 Ne7 11. b4 c6 12. Rb1 Ne8 13. Qd2 f5 14. Bh6 Rf7 15. Bxg7 Nxg7 16. Kh1 Qf8 17. Ng1 Nh5 18. exf5 Nxf5 19. Nge2 Qh6 20. Qxh6 Nxh6 21. Ne4 Rc7 22. Nxd6 Rf8 23. Rbe1 Nf4 24. Nxf4 Rxf4 25. Re4 Rf8 26. c5 Nf5 27. Nc4 Bc8 28. g4 Nh4 29. Ne5 g5 30. f4 h6 31. h3 Rf6 32. fxg5 Rxf1+ 33. Bxf1 hxg5 34. Kh2 Bd7 35. Bc4 Bc8 36. Kg3 Re7 37. Re1 Kg7 38. Bd3 Bd7 39. Rf1 Be8 40. Bc2 Ng6 41. Bxg6 Bxg6 42. Nc4 Bd3 43. Rc1 Bxc4 44. Rxc4 e5 45. dxe5 Rxe5 46. Rc3 Kg6 47. Kf3 Re1 48. Rd3 Rf1+ 49. Ke4 Rf6 50. Ke5 Rf2 51. Rd6+ Kg7 52. Rd7+ Rf7 53. Rxf7+ Kxf7 54. Kf5 1-0

[Event "Colmenarejo Spring op 24th"]
[Site "Colmenarejo"]
[Date "2018.06.24"]
[Round "7"]
[White "Lopez Perolio, Jorge"]
[Black "Bahillo Vallejo, Ignacio"]
[Result "1-0"]
[WhiteElo "1959"]
[BlackElo "1311"]
[PlyCount "119"]
[EventDate "2018.05.13"]
[EventType "swiss"]
[EventRounds "7"]
[EventCountry "ESP"]
[SourceTitle "EXT 2019"]
[Source "ChessBase"]
[SourceDate "2018.10.10"]
[SourceVersion "1"]
[SourceVersionDate "2018.10.10"]
[SourceQuality "1"]

1. e4 d5 2. exd5 Qxd5 3. Nc3 Qa5 4. d4 c6 5. Bc4 Nf6 6. Bd2 Qc7 7. Nf3 Bg4 8. Qe2 e6 9. h3 Bxf3 10. Qxf3 Nbd7 11. 0-0-0 Bb4 12. Rhe1 0-0-0 13. a3 Bxc3 14. Bxc3 Nb6 15. Bb3 Nbd5 16. Bd2 Rhe8 17. Kb1 h6 18. c4 Ne7 19. Bxh6 gxh6 20. Qxf6 Nf5 21. Ka2 Rg8 22. g4 Rg6 23. Qe5 Qxe5 24. dxe5 Nh4 25. Rxd8+ Kxd8 26. Rd1+ Kc7 27. Rd3 f6 28. Re3 Ng2 29. Rg3 Nf4 30. Bc2 f5 31. Bd1 fxg4 32. hxg4 Rg5 33. Re3 Ng6 34. Rh3 Nxe5 35. f4 Rxg4 36. fxe5 Rxc4 37. Rxh6 Kd7 38. Bb3 Re4 39. Rh7+ Kc8 40. Bxe6+ Kb8 41. Rh5 Kc7 42. Bf7 Kd7 43. e6+ Kd6 44. Rh8 a5 45. Rd8+ Kc7 46. Rd7+ Kc8 47. Rd3 Kc7 48. Kb1 Re2 49. Kc1 b5 50. Rd7+ Kc8 51. Rd2 Re5 52. Kd1 Kc7 53. Re2 Rxe2 54. Kxe2 Kd6 55. Kd3 c5 56. Bg8 Ke7 57. Ke4 Kd6 58. Bf7 b4 59. axb4 cxb4 60. b3 1-0

[Event "Colmenarejo Autumn op"]
[Site "Colmenarejo"]
[Date "2016.10.23"]
[Round "5"]
[White "Blanco Ruiz, Cesar"]
[Black "Lopez Perolio, Jorge"]
[Result "0-1"]
[WhiteElo "1539"]
[BlackElo "1931"]
[PlyCount "61"]
[EventDate "2016.09.25"]
[EventType "swiss"]
[EventRounds "7"]
[EventCountry "ESP"]
[SourceTitle "EXT 2019"]
[Source "ChessBase"]
[SourceDate "2018.10.10"]
[SourceVersion "1"]
[SourceVersionDate "2018.10.10"]
[SourceQuality "1"]

1. d4 g6 2. e4 Bg7 3. Be3 c5 4. c3 cxd4 5. cxd4 Nf6 6. Nc3 0-0 7. e5 Ne8 8. Bc4 d6 9. f4 Nc6 10. Qd2 Bf5 11. Nf3 Nb4 12. Rc1 Rc8 13. Be2 dxe5 14. fxe5 Nc7 15. 0-0 Nbd5 16. Bh6 Nxc3 17. Rxc3 Nd5 18. Rxc8 Qxc8 19. Rc1 Qd7 20. Rc5 a6 21. h3 b6 22. Rc1 a5 23. Ba6 Rd8 24. Bxg7 Kxg7 25. a3 h6 26. Bc4 Be6 27. Bd3 Bf5 28. Bxf5 Qxf5 29. Rc6 Rc8 30. Rxc8 Qxc8 31. h4 0-1

[Event "Colmenarejo Autumn op"]
[Site "Colmenarejo"]
[Date "2014.10.12"]
[Round "3"]
[White "Orantes Sanz, Ricardo"]
[Black "Lopez Perolio, Jorge"]
[Result "0-1"]
[WhiteElo "1638"]
[BlackElo "1835"]
[PlyCount "70"]
[EventDate "2014.09.28"]
[EventType "swiss"]
[EventRounds "7"]
[EventCountry "ESP"]
[SourceTitle "EXT 2019"]
[Source "ChessBase"]
[SourceDate "2018.10.10"]
[SourceVersion "1"]
[SourceVersionDate "2018.10.10"]
[SourceQuality "1"]

1. Nf3 f5 2. c4 Nf6 3. g3 g6 4. d3 Bg7 5. Bg2 d6 6. Nc3 0-0 7. Bd2 Qe8 8. b4 c6 9. a4 e5 10. 0-0 e4 11. dxe4 Nxe4 12. Ra3 Nxd2 13. Qxd2 Be6 14. Qd3 Nd7 15. Ng5 Ne5 16. Qxd6 Bxc4 17. Rd1 Nf7 18. Qf4 Ne5 19. Rd2 h6 20. Nf3 Nxf3+ 21. Bxf3 Bf7 22. Nd1 Rd8 23. Re3 Rxd2 24. Rxe8 Rxd1+ 25. Kg2 Rxe8 26. e4 Rd4 27. Qc7 fxe4 28. Bg4 Bd5 29. Kf1 Rxb4 30. Qd7 Rf8 31. Qd6 Rb1+ 32. Ke2 Rb2+ 33. Ke3 Kh7 34. Be2 Rb3+ 35. Kd2 Rxf2 0-1

[Event "Colmenarejo Otono op 11th"]
[Site "Colmenarejo"]
[Date "2013.10.13"]
[Round "2.4"]
[White "Lopez Perolio, Jorge"]
[Black "Gonzalez Bolado, Laro"]
[Result "1-0"]
[WhiteElo "1815"]
[BlackElo "1695"]
[PlyCount "121"]
[EventDate "2013.10.06"]
[EventType "swiss"]
[EventRounds "7"]
[EventCountry "ESP"]
[SourceTitle "EXT 2024"]
[Source "ChessBase"]
[SourceDate "2023.10.10"]
[SourceVersion "1"]
[SourceVersionDate "2023.10.10"]
[SourceQuality "1"]

1. d4 d5 2. Bf4 e6 3. Nf3 Nf6 4. e3 c5 5. c3 Nc6 6. Bd3 Bd6 7. Bg5 h6 8. Bh4 0-0 9. Nbd2 Re8 10. e4 cxd4 11. cxd4 dxe4 12. Bxe4 Bd7 13. 0-0 Be7 14. Bd3 Qb6 15. Nc4 Qd8 16. a3 Na5 17. Nce5 Nd5 18. Bxe7 Qxe7 19. Nxd7 Qxd7 20. Ne5 Qd6 21. Qh5 Re7 22. Qg4 Nf6 23. Qd1 Nc6 24. Nxc6 Qxc6 25. Qb3 Rd8 26. Rfd1 Qd6 27. h3 a6 28. Rac1 Red7 29. Be2 Qe7 30. Bf3 Nd5 31. Rc5 Qd6 32. Bxd5 exd5 33. Qf3 Rc7 34. Rdc1 Rxc5 35. Rxc5 Rd7 36. Rc8+ Rd8 37. Qc3 Kf8 38. Rc7 Rd7 39. Rc8+ Ke7 40. Rg8 g5 41. Qc8 Rc7 42. Qf8+ Kd7 43. Qxf7+ Kc6 44. Qe8+ Kb6 45. Qe3 Re7 46. Qd2 Re6 47. Rc8 Ka7 48. g3 Qd7 49. Rc5 Rd6 50. Kg2 Qf7 51. b4 Qe6 52. Qe3 Qd7 53. Qe5 Kb6 54. a4 Ka7 55. b5 axb5 56. Rxb5 Ka6 57. Qe1 Ka7 58. Qb4 Ka8 59. Qc5 Qc6 60. Ra5+ Kb8 61. Qa7+ 1-0